000 00739nam a2200241 i 4500
001 17973
003 ES-MaACL
005 20250703051953.0
007 t|
008 010810s2000 sp ||||1| spa d
020 _a84-375-0499-6
080 _a821.134.2-82"19"
100 1 _aAub, Max,
_d1903-1972
_923783
245 1 0 _aMis páginas mejores /
_cMax Aub ; introducción de Miguel García-Posada.
250 _a2ª ed. (1ª de FCE).
260 _aMéxico ;
_aMadrid :
_bFondo de Cultura Económica,
_c2000.
300 _a303 p. ;
_c21 cm.
490 1 _aTierra firme
700 1 _aGarcía-Posada, Miguel,
_d1944-2012
_955131
830 0 _aTierra firme
_9178734
852 _aES-MaACL
_jL-24790
_bR.130089
999 _c17973
_d17973